| 000 | 02081nam a2200253Ia 4500 | ||
|---|---|---|---|
| 999 |
_c56182 _d56182 |
||
| 001 | 23283 | ||
| 003 | GE_BSU | ||
| 005 | 20230630105806.0 | ||
| 008 | 181216s1966ge xx |||||||||||||| ||geo|| | ||
| 040 | _cGE_BSU | ||
| 041 | _ageo | ||
| 080 | _a94(479.22)(093უცხ.) გ-34 | ||
| 245 |
_aგეორგიკა : _b ბიზანტიელი მწერლების ცნობები საქართველოს შესახებ. ტ. 6 / _cტექსტები ქართული თარგმანითურთ გამოსცა და განმარტებები დაურთო სიმონ ყაუხჩიშვილმა. მთავ. რედ. ი. აბულაძე., ვლ. ფუთურიძე და სხვ. |
||
| 264 |
_aთბილისი : _bმეცნიერება, _c1966. |
||
| 300 |
_a310 გვ. : _b2 ფ. ილ. _c 22 სმ. |
||
| 501 | _aსაკუთარ სახელთა საძიებელი: გვ. 264-303. | ||
| 546 | _aპარალელ. თავფურც. რუს. და ბერძნ. ენაზე.ტექსტი ბერძნ. და ქართ. ენაზე. | ||
| 653 | _aგეორგიკა : ბიზანტიელი მწერლების ცნობები საქართველოს შესახებ. ტ. 6 | ||
| 653 | _aსაქართველოს ისტორიის ბიზანტიური წყაროები | ||
| 700 |
_aყაუხჩიშვილი, სიმონ _eმთარგმნელი _91490 |
||
| 700 |
_aაბულაძე, ი _eმთავარი რედაქტორი _919088 |
||
| 710 |
_aსაქ. სსრ მეცნ. აკადემია, საქ. შესახებ არსებული უცხოური წყაროების კომისია, ივ. ჯავახიშვილის სახ. ისტორიის ინ-ტი. _919089 |
||
| 942 |
_cBK _2udc |
||